L'Espagne / (Record no. 60027)
[ view plain ]
| 000 -LEADER | |
|---|---|
| campo de control de longitud fija | 00817nam a2200241 i 4500 |
| 001 - NÚMERO DE CONTROL | |
| campo de control | 60027 |
| 003 - IDENTIFICADOR DE NÚMERO DE CONTROL | |
| campo de control | ES-MaACL |
| 005 - FECHA Y HORA DE LA ÚLTIMA TRANSACCIÓN | |
| campo de control | 20240322170041.0 |
| 007 - CAMPO FIJO DE DESCRIPCIÓN FÍSICA--INFORMACIÓN GENERAL | |
| campo de control de longitud fija | t| |
| 008 - DATOS DE LONGITUD FIJA--INFORMACIÓN GENERAL | |
| campo de control de longitud fija | 031103s1951 fr ||||1| fre d |
| 245 02 - MENCIÓN DEL TÍTULO | |
| Título | L'Espagne / |
| Mención de responsabilidad, etc. | Doré Ogrizek ; avant-propos par Joseph Peyré ; textes de, Suzanne Chantal ... [et al.] ; illustrations de Beuville. |
| 260 ## - PUBLICACIÓN, DISTRIBUCIÓN, ETC. | |
| Lugar de publicación, distribución, etc. | Paris : |
| Nombre del editor, distribuidor, etc. | O.D.E., |
| Fecha de publicación, distribución, etc. | [1951] ( |
| Lugar de fabricación/manufactura | Saint-Ouen : |
| Fabricante | Gaston Maillet) |
| 300 ## - DESCRIPCIÓN FÍSICA | |
| Extensión | 414 p. ; |
| Dimensiones | 17 cm. |
| 490 1# - MENCIÓN DE SERIE | |
| Mención de serie | Le monde en coleurs |
| 600 04 - PUNTO DE ACCESO ADICIONAL DE MATERIA--NOMBRE DE PERSONA | |
| Nombre de persona | Ogrizek, Doré. |
| 9 (RLIN) | 86581 |
| 600 14 - PUNTO DE ACCESO ADICIONAL DE MATERIA--NOMBRE DE PERSONA | |
| Nombre de persona | Beuville. |
| 9 (RLIN) | 185630 |
| 651 #4 - PUNTO DE ACCESO ADICIONAL DE MATERIA--NOMBRE GEOGRÁFICO | |
| Nombre geográfico | España- |
| Subdivisión general | Descripción. |
| 9 (RLIN) | 8184 |
| 700 1# - ENTRADA AGREGADA--NOMBRE PERSONAL | |
| Nombre de persona | Peyré, Joseph. |
| 9 (RLIN) | 91595 |
| 700 1# - ENTRADA AGREGADA--NOMBRE PERSONAL | |
| Nombre de persona | Chantal, Suzanne, |
| Fechas asociadas al nombre | 1908-1994 |
| 9 (RLIN) | 37982 |
| 830 0# - PUNTO DE ACCESO ADICIONAL DE SERIE-TÍTULO UNIFORME | |
| Título uniforme | Le monde en coleurs |
| 9 (RLIN) | 230541 |
| 852 ## - LOCALIZACIÓN | |
| Ubicación | ES-MaACL |
| Número de control de estantería | D-7961 |
| Sublocalización o colección | R.31976 |
| Estatus retirado | Estado de pérdida | Estado de daño | No para préstamo | Biblioteca de origen | Biblioteca actual | Ubicación en estantería | Fecha de adquisición | Fuente de adquisición | Total de préstamos | Signatura topográfica completa | Código de barras | Visto por última vez | Precio de reemplazo | Tipo de ítem Koha |
|---|---|---|---|---|---|---|---|---|---|---|---|---|---|---|
| Biblioteca del Ateneo de Madrid | Biblioteca del Ateneo de Madrid | Sala Valle Inclán | 17/01/2008 | D-7961 | 901062956 | 23/02/2023 | 23/02/2023 | Libro impreso |
